Möbel (Record no. 7250)

MARC details
000 -CABECERA
campo de control de longitud fija 00710nam a2200241 a 4500
001 - NÚMERO DE CONTROL
campo de control BRCA_7576
005 - FECHA Y HORA DE LA ÚLTIMA TRANSACCIÓN
campo de control 20190320205909.0
008 - DATOS DE LONGITUD FIJA--INFORMACIÓN GENERAL
campo de control de longitud fija 140613s1917----gw-a######---#000-0#ger-#
041 ## - CÓDIGO DE LENGUA
Código de lengua del texto/banda sonora o título independiente ger
044 ## - CÓDIGO DEL PAÍS DE LA ENTIDAD EDITORA/PRODUCTORA
Código MARC del país gw
050 #4 - SIGNATURA TOPOGRÁFICA DE LA BIBLIOTECA DEL CONGRESO
Número de clasificación NK2240
Número de documento/Ítem .S36 1917
100 1# - ENTRADA PRINCIPAL--NOMBRE DE PERSONA
Nombre de persona Schmidt, Robert
9 (RLIN) 7211
245 10 - MENCIÓN DE TÍTULO
Título Möbel
Resto del título ein Handbuch fur Sammler und Liebhaber
Mención de responsabilidad, etc. von Robert Schmidt.
250 ## - MENCIÓN DE EDICIÓN
Mención de edición 3
260 ## - PUBLICACIÓN, DISTRIBUCIÓN, ETC.
Lugar de publicación, distribución, etc. Berlín
Nombre del editor, distribuidor, etc. Richard Carl Schmidt
Fecha de publicación, distribución, etc. 1917
300 ## - DESCRIPCIÓN FÍSICA
Extensión 256 p.
Otras características físicas il., 196 láminas
Dimensiones 22 cm.
440 #0 - MENCIÓN DE SERIE/PUNTO DE ACCESO ADICIONAL--TÍTULO
Título Bibliothek fur Kunst und Antiquitätensammler
Designación de volumen o secuencia 5
9 (RLIN) 18690
500 ## - NOTA GENERAL
Nota general S69
650 14 - PUNTO DE ACCESO ADICIONAL DE MATERIA--TÉRMINO DE MATERIA
Término de materia o nombre geográfico como elemento de entrada Muebles
Subdivisión de forma Catálogos
9 (RLIN) 9329
650 14 - PUNTO DE ACCESO ADICIONAL DE MATERIA--TÉRMINO DE MATERIA
Término de materia o nombre geográfico como elemento de entrada Muebles
Subdivisión de forma Coleccionistas y colecciones
9 (RLIN) 18691
902 ## - CATALOGADOR
Iniciales GFM
942 ## - ELEMENTOS DE PUNTO DE ACCESO ADICIONAL (KOHA)
Fuente del sistema de clasificación o colocación Library of Congress Classification
Tipo de ítem Koha Libros
Holdings
Estado de retiro Estado de pérdida Estado dañado No para préstamo Localización permanente Ubicación/localización actual Fecha de adquisición Número de inventario Total de préstamos Signatura topográfica completa Código de barras Fecha visto por última vez Precio válido a partir de Tipo de ítem Koha
El ejemplar forma parte de la colección y puede ser consultado según las políticas vigentes.       Biblioteca del Museo Franz Mayer (Rogerio Casas-Alatriste) Biblioteca del Museo Franz Mayer (Rogerio Casas-Alatriste) 14/06/2013 S69   NK2240 .S36 1917 (S69) 8184 22/03/2019 22/03/2019 Libros